| 000 | 01082cam a22003737 4500 | ||
|---|---|---|---|
| 001 | a4276 | ||
| 003 | DO-SdBPM | ||
| 005 | 20251113084653.0 | ||
| 007 | ta | ||
| 008 | 080609s2003 ag a | |||| 000 c spa | ||
| 015 | _a | ||
| 017 |
_a _b |
||
| 020 | _a | ||
| 035 | _a | ||
| 040 |
_aDO-SdBPM _bspa _cBPMSU _erda |
||
| 041 | 1 |
_aspa _h |
|
| 080 | _a | ||
| 080 | _a | ||
| 082 | 4 |
_a128.4 _bS271d 2003 _222 |
|
| 100 | 1 |
_aSawicki Sabomir, Boleslao _eautor _4aut _d |
|
| 240 | 1 | 4 |
_a _l |
| 245 | 1 | 3 |
_aEl dilema humano / _cBoleslao Sawicki Sabomir _b _h |
| 264 |
_aBuenos Aires, Argentina : _bTransacademia, _c2003 |
||
| 300 |
_a160 páginas _c 21 cm |
||
| 336 |
_atexto _btxt _2rdacontent |
||
| 337 |
_asin mediación _bn _2rdamedia |
||
| 338 |
_avolumen _bnc _2rdacarrier |
||
| 505 |
_tCómo seguir vivo -- _tCómo convivir -- _tCómo evolucionar -- _tCómo trascender |
||
| 590 | _aInventariado, 2025/VM | ||
| 650 | 7 | _aFilosofía de la vida | |
| 650 | 7 |
_aHumanismo _xAspectos filosóficos |
|
| 910 | _aVMateo V. Control de calidad. BPMSU | ||
| 942 |
_2ddc _cBK |
||
| 999 |
_c11417 _d11417 |
||